| 000 | 00340nam a2200097Ia 4500 | ||
|---|---|---|---|
| 008 | 180130s9999 xx 000 0 und d | ||
| 245 |
_cHarmening, James T. _aVirtual private networks |
||
| 260 | _c2013 | ||
| 300 | _aBook title: Computer and information security handbook--Acession number C20545; pages 855-868 | ||
| 650 | _aINFORMATION SECURITY | ||
| 999 |
_c354171 _d354171 |
||